Negotiations with local community in mining industry in Kyrgyzstan /
Saved in:
| Main Author: | |
|---|---|
| Corporate Author: | |
| Format: | Manuscript |
| Language: | English |
| Subjects: | |
| Tags: |
Add Tag
No Tags, Be the first to tag this record!
|
| LEADER | 01319ntm a2200361 i 4500 | ||
|---|---|---|---|
| 001 | 014445314-2 | ||
| 005 | 20160705165842.0 | ||
| 008 | 150731s2015 xx bm 000|0 eng d | ||
| 035 | 0 | |a ocn916630324 | |
| 040 | |a MH-L |b eng |e rda |c MH-L |d MH-L | ||
| 043 | |a a-kg--- | ||
| 050 | 4 | |a KLS335.3 |b .M37 2015 | |
| 100 | 1 | |a Marat kyzy, Aizada, |e author. | |
| 245 | 1 | 0 | |a Negotiations with local community in mining industry in Kyrgyzstan / |c Aizada Marat kyzy. |
| 246 | 3 | |a Harvard Law School thesis |5 law | |
| 264 | 0 | |c 2015. | |
| 300 | |a 30 pages ; |c 28 cm | ||
| 336 | |a text |b txt |2 rdacontent | ||
| 337 | |a unmediated |b n |2 rdamedia | ||
| 338 | |a volume |b nc |2 rdacarrier | ||
| 500 | |a Printout. | ||
| 500 | |a "In fulfillment of the LLM short paper requirement (prepared in conjunction with Negotiation Workshop)." | ||
| 500 | |a "Supervisor: Kyle Glover, Lecturer on Law, Harvard Law School." | ||
| 502 | |b LL. M. |c Harvard University |d 2015. | ||
| 504 | |a Includes bibliographical references. | ||
| 650 | 0 | |a Mining law |z Kyrgyzstan. | |
| 650 | 0 | |a Mediation |z Kyrgyzstan. | |
| 650 | 0 | |a Investments, Foreign |x Law and legislation |z Kyrgyzstan. | |
| 700 | 1 | |a Glover, Kyle, |e degree supervisor. | |
| 710 | 2 | |a Harvard University, |e degree granting institution. | |
| 710 | 2 | |a Harvard Law School. |t Thesis. | |
| 988 | |a 20150731 | ||
| 906 | |0 MH | ||


